Normal view MARC view

Entry Personal Name

Number of records used in: 1

001 - CONTROL NUMBER

  • control field: 1158230

003 - CONTROL NUMBER IDENTIFIER

  • control field: OSt

005 - DATE AND TIME OF LATEST TRANSACTION

  • control field: 20260324120343.0

008 - FIXED-LENGTH DATA ELEMENTS

  • fixed length control field: 260324|| aca||aabn | a|a d

040 ## - CATALOGING SOURCE

  • Original cataloging agency: OSt
  • Transcribing agency: OSt

100 ## - HEADING--PERSONAL NAME

  • Personal name: Zhenyu Huang; H. Scott Fogler; Sheng Zheng

670 ## - SOURCE DATA FOUND

  • Source citation: Work cat.: (OSt)1749726: Zhenyu Huang; H. Scott Fogler; Sheng Zheng, Wax Deposition
Copyright @ Delhi University Library System